| 000 | 01305cam a2200241 4500 | ||
|---|---|---|---|
| 001 | ABS63649 | ||
| 008 | 000000n2001 000 0 eng u | ||
| 035 | _a(Sirsi) u111909 | ||
| 100 | _aFidderman, H. | ||
| 245 | _a"Does it have to be this way?" - last chance for construction | ||
| 260 | _c2001 | ||
| 490 |
_aHealth and Safety Bulletin _v(297) April 2001, 9-17(9) |
||
| 520 | _aProvides details of the disturbing figures for deaths on construction sites between April and December 2000. On 27 February 2001 a construction industry health and safety summit, called by Deputy Prime Minister John Prescott, was held at the Queen Elizabeth II Conference Centre in London to address this worrying trend. Describes the ten new action plans drawn up by major umbrella groups involved in construction work, and launched at this summit. Suggests that these initiatives may be the construction industry's last chance to put its house in order, in terms of health and safety. If it fails to do so, government is likely to act by introducing new legislation. Tables. | ||
| 590 | _aABS | ||
| 650 | _aDEATHS | ||
| 650 | _aFATAL ACCIDENTS | ||
| 650 | _aSTATISTICS | ||
| 650 | _aHSE | ||
| 650 | _aTARGETS | ||
| 650 | _aACTION PLAN | ||
| 690 | _aBUILT ENVIRONMENT-BUILDING STANDARDS | ||
| 942 | _n0 | ||
| 999 |
_c66693 _d66693 |
||